KOHA-Header-6

English for Undergraduates (Record no. 1736)

000 -LEADER
fixed length control field 00299nam a2200121Ia 4500
008 - FIXED-LENGTH DATA ELEMENTS--GENERAL INFORMATION
fixed length control field 190723s9999 xx 000 0 und d
020 ## - INTERNATIONAL STANDARD BOOK NUMBER
International Standard Book Number 978-0-19-597804-9
100 ## - MAIN ENTRY--PERSONAL NAME
Personal name D.H Howe
245 #0 - TITLE STATEMENT
Title English for Undergraduates
260 ## - PUBLICATION, DISTRIBUTION, ETC. (IMPRINT)
Place of publication, distribution, etc Karachi
Name of publisher, distributor, etc Oxford Uni Press
Date of publication, distribution, etc 2016
300 ## - PHYSICAL DESCRIPTION
Extent 208.:p
942 ## - ADDED ENTRY ELEMENTS (KOHA)
Koha item type Books
Holdings
Withdrawn status Lost status Source of classification or shelving scheme Damaged status Not for loan Collection code Permanent Location Current Location Shelving location Date acquired Total Checkouts Full call number Barcode Date last seen Date checked out Price effective from Koha item type
        Not For Loan Reference MAJU MAJU Shelf No.A39 REF 2019-07-23 1 428.24 8359 2020-09-05 2019-11-26 2019-07-23 Books

Powered by Koha